Normal view
MARC view
- Abuzar
Entry Personal Name
001 - CONTROL NUMBER
- control field: 127905
003 - CONTROL NUMBER IDENTIFIER
- control field: NUST
005 - DATE AND TIME OF LATEST TRANSACTION
- control field: 20250219101807.0
008 - FIXED-LENGTH DATA ELEMENTS
- fixed length control field: 250219|| aca||aabn | a|a d
040 ## - CATALOGING SOURCE
- Original cataloging agency: NUST
- Transcribing agency: NUST
100 ## - HEADING--PERSONAL NAME
- Personal name: Abuzar
670 ## - SOURCE DATA FOUND
- Source citation: Work cat.: (NUST): Abuzar, Development and Characterization of Graphene Oxide Induced Alumina Composite Using Powder Metallurgy
